000 01181cam a2200229 4500
001 WB4002-17
008 040114n2004 000 0 eng u
035 _a(Sirsi) u124845
245 _aMonitoring of regulated purpose valuations
260 _c2004
490 _aRICS Feature
_v 13 January 2004 (3)
520 _aMonitoring of Regulated Purpose Valuations undertaken by RICS will begin this year. This initiativeemerged out of the Carsberg report and aims to maintain high levels of transparency and consumer confidence in the work of RICS valuers. Includes frequently asked questions about this issue which consist of why the RICS is planning to monitor members in this way, how does it decide who to monitor and what the disciplinary ramifications are from this process. For the RICS Feature: http://www.rics.org/ricscms/bin/show?class=Feature &template=/includes/showfeature.html&id=947
590 _aWB
590 _aWB
650 _aVALUATION STANDARDS
650 _aCARSBERG RECOMMENDATIONS
650 _aCONSUMER CONFIDENCE
650 _aFINANCIAL STATEMENTS
650 _aDISCIPLINARY ACTION
690 _aVALUATION AND INVESTMENT APPRAISAL
942 _n0
999 _c116937
_d116937